000 00774nam a2200241 i 4500
001 83498
003 ES-MaACL
005 20230906174834.0
007 t|
008 041117s1976 sp ||||1| spa d
020 _a84-85137-30-2
100 1 _aJackson, Gabriel,
_d1921-2019
_965809
245 1 0 _aCosta, Azaña, el Frente Popular y otros ensayos /
_cGabriel Jackson.
260 _aMadrid :
_bTurner,
_c[1976]
300 _a241 p. ;
_c21 cm.
600 1 4 _aCosta, Joaquín,
_d1846-1911
_941054
600 1 4 _aAzaña, Manuel,
_d1880-1940
_924223
610 2 4 _aFrente Popular (España)
_94188
651 4 _aEspaña-
_xHistoria-
_y1931-1939, II República.
_98283
651 4 _aEspaña-
_vHistoriografía.
_98377
852 _aES-MaACL
_jA-5670
999 _c83498
_d83498